Normal view
MARC view
- Faiza
Entry Personal Name
001 - CONTROL NUMBER
- control field: 16930
003 - CONTROL NUMBER IDENTIFIER
- control field: NUST
005 - DATE AND TIME OF LATEST TRANSACTION
- control field: 20190706145823.0
008 - FIXED-LENGTH DATA ELEMENTS
- fixed length control field: 190706|| aca||aabn | a|a d
040 ## - CATALOGING SOURCE
- Original cataloging agency: NUST
- Transcribing agency: NUST
100 ## - HEADING--PERSONAL NAME
- Personal name: Faiza
670 ## - SOURCE DATA FOUND
- Source citation: Work cat.: (NUST): Faiza, Nanoceramic Reinforced SWCNT/PVA Composites for Supercapacitors /, 2018.
